| 000 | 00372nam a2200145Ia 4500 | ||
|---|---|---|---|
| 008 | 200615s9999||||xx |||||||||||||| ||und|| | ||
| 020 | _a9780195676938 | ||
| 082 |
_a650 _bSUM-S |
||
| 100 | _aSUMA DAMODARAN. | ||
| 245 | 0 | _aMANAGERIAL ECONOMICS | |
| 250 | _a1ST | ||
| 260 |
_anew delhi _bOXFORD [OXFORDSHIRE]; OXFORD UNIVERSITY PRESS _c2006 |
||
| 300 | _a225 | ||
| 942 | _cBK | ||
| 999 |
_c27560 _d27560 |
||